000 00457nam a22001337a 4500
040 _cNUST
082 _a220 PRO
100 _aSyed Muhammad Umer Muneeb ur Rehman Hadeed Khan Faizan Ashraf
_9100916
110 _cProject Supervisor: Asst Prof Saheeb Kiyani
_9100774
245 _aPR-SOF-2154-Design and Fabrication of A Box Type PVC Welding Machine
260 _aISLAMABAD:
_bNUST COLLEGE OF EME,
_c2022.
650 _aDE-MECH-40
_9100340
942 _2ddc
_cPR
999 _c591979
_d591979